All Planets in The Mandalorian - Statistics

General Stats
  • This quiz has been taken 197 times
    43 since last reset
  • The average score is 8 of 19
Answer Stats
Season Episode Planet % Correct
Season 3 Chapter 18: The Mines of Mandalore Mandalore
96%
Season 1 Chapter 1: The Mandalorian Nevarro
85%
Season 1 Chapter 5: The Gunslinger Tatooine
85%
Season 3 Chapter 19: The Convert Coruscant
67%
Season 2 Chapter 11: The Heiress Trask
56%
Season 1 Chapter 1: The Mandalorian Arvala-7
48%
Season 2 Chapter 13: The Jedi Corvus
44%
Season 1 Chapter 4: Sanctuary Sorgan
44%
Season 2 Chapter 14: The Tragedy Tython
44%
Season 3 Chapter 18: The Mines of Mandalore Concordia
37%
Season 3 Chapter 22: Guns for Hire Plazir-15
37%
Season 3 Chapter 17: The Apostate Kalevala
33%
Season 2 Chapter 10: The Passenger Maldo Kreis
26%
Season 2 Chapter 15: The Believer Morak
26%
Season 1 Chapter 1: The Mandalorian Pagodon
26%
Season 3 Chapter 21: The Pirate Adelphi
22%
Season 2 Chapter 11: The Heiress Kol Iben
22%
Season 2 Chapter 15: The Believer Karthon
19%
Season 2 Chapter 16: The Rescue Lafete
19%
No matching quizzes found
Score Distribution
Percent of People with Each Score
Percentile by Number Answered
Your Score History
You have not taken this quiz since the last reset